In grandma's day : (Record no. 7884)

MARC details
000 -LEADER
fixed length control field 01262nam a22003017a 4500
001 - CONTROL NUMBER
control field 7884
003 - CONTROL NUMBER IDENTIFIER
control field FISKH
005 - DATE AND TIME OF LATEST TRANSACTION
control field 20250813090733.0
008 - FIXED-LENGTH DATA ELEMENTS--GENERAL INFORMATION
fixed length control field 250813b cb ||||| |||| 00| 0 eng d
020 ## - INTERNATIONAL STANDARD BOOK NUMBER
International Standard Book Number 9780237520083
040 ## - CATALOGING SOURCE
Original cataloging agency FISKH
Language of cataloging eng
Transcribing agency FISKH
Modifying agency FISKH
050 ## - LIBRARY OF CONGRESS CALL NUMBER
Classification number PZ7
082 ## - DEWEY DECIMAL CLASSIFICATION NUMBER
Classification number 900
100 ## - MAIN ENTRY--PERSONAL NAME
Personal name Hunter, Rebecca
245 ## - TITLE STATEMENT
Title In grandma's day :
Remainder of title War in grandma's day /
Statement of responsibility, etc. Rebecca Hunter with Angela Downey
250 ## - EDITION STATEMENT
Edition statement This edition first published in 1999
260 ## - PUBLICATION, DISTRIBUTION, ETC.
Place of publication, distribution, etc. London :
Name of publisher, distributor, etc. Evans,
Date of publication, distribution, etc. 1999
300 ## - PHYSICAL DESCRIPTION
Extent 30 pages :
Other physical details color illustrations ;
Dimensions 25 cm
505 ## - FORMATTED CONTENTS NOTE
Formatted contents note N<br/>
520 ## - SUMMARY, ETC.
Summary, etc. Based on autobiography, anecdotes and recounting of past experiences and events this book tells you what it was like to be an evacuee during the Second World War. Intended to fulfil the requirements of the Literacy Hour it uses autobiography, anecdotes and recounting of past experiences and events. There are photographs of contemporary people, places, artefacts and documents to encourage a broad investigative approach to history.<br/>
521 8# - TARGET AUDIENCE NOTE
Target audience note 550<br/>
Source Lexile<br/>
521 8# - TARGET AUDIENCE NOTE
Target audience note N<br/>
Source Raz-Plus<br/>
650 ## - SUBJECT ADDED ENTRY--TOPICAL TERM
Source of heading or term Grandma's
Topical term or geographic name entry element World War
650 ## - SUBJECT ADDED ENTRY--TOPICAL TERM
Source of heading or term Social history
Topical term or geographic name entry element Themes
700 ## - ADDED ENTRY--PERSONAL NAME
Personal name Lafford, Stuart
Dates associated with a name illustrator
942 ## - ADDED ENTRY ELEMENTS (KOHA)
Source of classification or shelving scheme Dewey Decimal Classification
Koha item type Books
Suppress in OPAC No
Holdings
Withdrawn status Lost status Source of classification or shelving scheme Damaged status Not for loan Collection Home library Current library Shelving location Date acquired Total Checkouts Full call number Barcode Date last seen Copy number Price effective from Koha item type
    Dewey Decimal Classification     Juvenile Fiction Footprints International School Library Network Toul Tom Poung Campus Footprints International School Library Network Toul Tom Poung Campus TTP Primary Yellow Bookshelves 08/13/2025   HUN 900 PZ7 FIS01192 08/13/2025 1 08/13/2025 Books